000 01062ctm a2200241 i 4500
003 SA-RiAUC
005 20250321123919.0
008 250319s1930 xx g 00010 ara c
040 _aSA-JeALM
_bara
_cSA-RiAUC
_erda
082 0 4 _a920.04974
090 _a920.04974
_bم ح م
100 1 _aمحمد البوسنوي، محمد بن محمد بن محمد،
_d1906-1944
_eمؤلف.
245 1 2 _aالجواهر الأسنى في تراجم علماء وشعراء بوسنة /
_cمحمد بن محمد بن محمد بن صالح بن محمد البوسنوي.
264 0 _aبيروت :
_bدار الكتب العلمية.
_c1993
300 _a90 صفحة (19 سطر) ؛
_c18 × 25 سم
336 _aنص
_btxt
_2rdacontent
_3مخطوطة
337 _aبدون وسيط
_bn
_2rdamedia
338 _aمجلد
_bnc
_2rdacarrier
650 7 _aالعلماء العرب
_vتراجم
_vمخطوطات
_2aucsh
650 7 _aالشعراء البوسنيون
_vتراجم
_vمخطوطات
_2aucsh
942 _2ddc
_cBOOK
_n0
949 _aSA-JeALM
_d250319
_umohamedma123
_n1
999 _c6527
_d6527